000 01023nac a22003011i 4500
003 EG-ScBUE
005 20260426085427.0
008 260426t1997 caua f 000 0 eng d
020 _a9780030192340
020 _a003019234X
035 _a(DLC) 2003114320
040 _aEG-ScBUE
_beng
_erda
_cEG-ScBUE
_dEG-ScBUE
082 0 4 _a542
_bSLO
_222
100 1 _aSlowinski, Emil J.,
_eauthor.
245 1 0 _aChemical principles in the laboratory :
_bwith qualitative analysis /
_cEmil J. Slowinski, Wayne C. Wolsey, William L. Masterton.
250 _aSixth edition,
_balternate version.
264 1 _aPacific Grove, CA :
_bThomson/Wadsworth,
_c[1997]
264 4 _cc1997
300 _ax, 374 pages :
_billustrations ;
_c28 cm
336 _2rdacontent
_atext
_btxt
337 _aunmediated
_2rdamedia
_bn
338 _avolume
_bnc
_2rdacarrier
650 7 _aChemistry.
_2BUEsh
655 _vReading book
700 1 _aWolsey, Wayne C.,
_eauthor.
700 1 _aMasterton, William L.,
_d1927-
_eauthor.
942 _cBB
_2ddc
999 _c368
_d368